| 000 | 00611nam a2200193Ia 4500 | ||
|---|---|---|---|
| 003 | GCL | ||
| 008 | 140319s9999 xx 000 0 ara d | ||
| 040 |
_aGCL / _cGCL |
||
| 082 | 0 | 4 |
_a228.9 _bم ر |
| 100 | 1 | _aمحمد سالم محيسن | |
| 245 | 1 | 0 |
_aالرائد فى تجويد القران / _cمحمد سالم محيسن |
| 260 |
_aالقاهرة : _bمؤسسة شباب الجامعة ، _c1993 |
||
| 300 |
_a89 ص ؛ _c24 سم |
||
| 490 | _a | ||
| 650 | 0 | 4 | _aالاسلام |
| 650 | 0 | 4 | _aالقران، القراءات والتجويد |
| 650 | 0 | 4 | _aالقران - قراءت |
| 942 |
_2ddc _cBK |
||
| 999 |
_c39046 _d39046 |
||